[Event "Veranda inv."]
[Site "Fancy Lake CAN"]
[Date "2014.06.28"]
[Round "1"]
[White "Wysocki, Antoni"]
[Black "Giacomin, Gordon"]
[Result "1-0"]
[WhiteElo "2194"]
[BlackElo "1944"]
[PlyCount "109"]
[EventDate "2014.08.09"]
[EventType "tourn"]
[EventRounds "5"]
[EventCountry "CAN"]

1. c4 c6 2. g3 d5 3. Bg2 Nf6 4. Nf3 Bg4 5. cxd5 cxd5 6. Ne5 Nc6 7. Nxg4 Nxg4 8.
Qb3 Qb6 9. Qxb6 axb6 10. Bxd5 Nd4 11. Be4 Nb3 12. axb3 Rxa1 13. O-O Nf6 14. Bd3
e6 15. Nc3 Bb4 16. Na4 Nd7 17. Bb5 Ke7 18. d4 f6 19. e4 Rc8 20. Be3 Rxf1+ 21.
Kxf1 Rc2 22. Bd3 Rc7 23. Ke2 e5 24. dxe5 fxe5 25. Bxb6 Rc6 26. Be3 Nc5 27. Bb5
Nxe4 28. Bxc6 bxc6 29. Kd3 Nf6 30. f3 Kd6 31. Nc3 Nd5 32. Bd2 Nxc3 33. bxc3 Ba5
34. c4 Bd8 35. Ke4 Ke6 36. Bc3 Bc7 37. b4 g6 38. b5 c5 39. Bd2 Bd8 40. h3 Bc7
41. Be3 Bb6 42. f4 exf4 43. Bxf4 Bd8 44. Bb8 Bb6 45. g4 h5 46. gxh5 gxh5 47.
Kf4 Kf6 48. h4 Ke6 49. Kg5 Bd8+ 50. Kxh5 Kf5 51. Ba7 Ke4 52. Bxc5 Kd3 53. b6
Kxc4 54. b7 Bc7 55. Ba7 1-0

[Event "Veranda inv."]
[Site "Fancy Lake CAN"]
[Date "2014.06.28"]
[Round "2"]
[White "Kenney, David"]
[Black "Charlton, Glenn"]
[Result "1/2-1/2"]
[WhiteElo "1825"]
[BlackElo "2018"]
[PlyCount "60"]
[EventDate "2014.08.09"]
[EventType "tourn"]
[EventRounds "5"]
[EventCountry "CAN"]

1. d4 Nf6 2. Nf3 g6 3. g3 Bg7 4. Bg2 O-O 5. O-O d6 6. c4 c6 7. Nc3 Qa5 8. e4
Bg4 9. h3 Bxf3 10. Bxf3 e5 11. d5 cxd5 12. cxd5 Nbd7 13. Bd2 Rfc8 14. a3 a6 15.
b4 Qd8 16. Qb3 Nb6 17. Rfc1 Nc4 18. Be1 Bh6 19. Rc2 b5 20. Be2 Qb6 21. Bf1 Qc7
22. Raa2 Nh5 23. a4 Nxg3 24. axb5 Nxf1 25. Kxf1 Qd7 26. bxa6 Qxh3+ 27. Ke2 Qg4+
28. Kf1 Qh3+ 29. Ke2 Qg4+ 30. Kf1 Qh3+ 1/2-1/2

[Event "Veranda inv."]
[Site "Fancy Lake CAN"]
[Date "2014.06.28"]
[Round "2"]
[White "Naugler, Rex"]
[Black "Giacomin, Gordon"]
[Result "1/2-1/2"]
[WhiteElo "1835"]
[BlackElo "1944"]
[PlyCount "79"]
[EventDate "2014.08.09"]
[EventType "tourn"]
[EventRounds "5"]
[EventCountry "CAN"]

1. d4 Nf6 2. Bf4 b6 3. Nf3 Bb7 4. e3 g6 5. Nbd2 Bg7 6. Bc4 O-O 7. O-O d5 8. Bd3
c5 9. c3 Nc6 10. Re1 Nd7 11. Bg5 h6 12. Bh4 f5 13. Rb1 a5 14. a3 Qe8 15. c4 e6
16. cxd5 exd5 17. dxc5 bxc5 18. Bb5 Qe6 19. e4 fxe4 20. Rxe4 Qf5 21. Re3 Rae8
22. Bd3 Qf7 23. Rxe8 Rxe8 24. Qc2 Kh7 25. Bg3 Nce5 26. Nxe5 Bxe5 27. Nf3 Bxg3
28. hxg3 c4 29. Bf1 Nc5 30. Qc3 a4 31. Qb4 Qc7 32. Nd4 Re4 33. Nf3 Re6 34. Nd4
Rb6 35. Qd2 Ne4 36. Qc2 Qe5 37. Nf3 Qe8 38. Re1 Qb5 39. Re2 Qc5 40. Nd2 1/2-1/2

[Event "Veranda inv."]
[Site "Fancy Lake CAN"]
[Date "2014.06.28"]
[Round "2"]
[White "Pentz, Brian"]
[Black "Wysocki, Antoni"]
[Result "0-1"]
[WhiteElo "1887"]
[BlackElo "2194"]
[PlyCount "96"]
[EventDate "2014.08.09"]
[EventType "tourn"]
[EventRounds "5"]
[EventCountry "CAN"]

1. f4 g6 2. Nf3 Bg7 3. e3 Nf6 4. d4 O-O 5. Bd3 d6 6. O-O c5 7. c3 Nc6 8. Nbd2
e5 9. fxe5 dxe5 10. Nb3 e4 11. Nxc5 exd3 12. Nxd3 Ne4 13. Nf2 Bf5 14. Nxe4 Bxe4
15. Qe2 Qe7 16. Bd2 Rfe8 17. Rae1 Rad8 18. Bc1 Rd5 19. Nd2 Rf5 20. Nxe4 Rxf1+
21. Qxf1 Qxe4 22. Qf3 f5 23. Qxe4 Rxe4 24. Kf2 Kf7 25. Bd2 Nb8 26. c4 Nd7 27.
Bc3 Nf6 28. h3 Re6 29. Ke2 f4 30. Kd3 Rxe3+ 31. Rxe3 fxe3 32. Kxe3 Ne8 33. c5
Nf6 34. Kd3 Ke6 35. Kc4 Nd5 36. Bd2 Bf6 37. b4 Bd8 38. a4 Bc7 39. b5 Bf4 40.
Bxf4 Nxf4 41. a5 Nxg2 42. d5+ Kd7 43. Kd4 Nf4 44. Ke5 g5 45. a6 Nd3+ 46. Kd4
Nxc5 47. Kxc5 b6+ 48. Kd4 Kd6 0-1

[Event "Veranda inv."]
[Site "Fancy Lake CAN"]
[Date "2014.08.09"]
[Round "3"]
[White "Charlton, Glenn"]
[Black "Wysocki, Antoni"]
[Result "1/2-1/2"]
[WhiteElo "2018"]
[BlackElo "2194"]
[PlyCount "51"]
[EventDate "2014.08.09"]
[EventType "tourn"]
[EventRounds "5"]
[EventCountry "CAN"]

1. d4 c5 2. d5 Nf6 3. Nc3 d6 4. e4 g6 5. Nf3 Bg7 6. Be2 O-O 7. O-O Bg4 8. h3
Bxf3 9. Bxf3 Nbd7 10. Bf4 Ne8 11. Qd2 Nc7 12. a4 a6 13. Be2 Rb8 14. Bh6 b5 15.
axb5 axb5 16. Bxg7 Kxg7 17. b4 cxb4 18. Na2 Na6 19. Rfb1 Qc7 20. Nxb4 Nxb4 21.
Rxb4 Rfc8 22. c4 bxc4 23. Rxc4 Qb7 24. Rxc8 Qxc8 25. Bg4 Qb7 26. Bxd7 1/2-1/2

[Event "Veranda inv."]
[Site "Fancy Lake CAN"]
[Date "2014.08.09"]
[Round "3"]
[White "Giacomin, Gordon"]
[Black "Pentz, Brian"]
[Result "1-0"]
[WhiteElo "1944"]
[BlackElo "1889"]
[PlyCount "51"]
[EventDate "2014.08.09"]
[EventType "tourn"]
[EventRounds "5"]
[EventCountry "CAN"]

1. e4 Nc6 2. d4 d5 3. exd5 Qxd5 4. Nf3 Bg4 5. Nc3 Qh5 6. Be2 O-O-O 7. Ne4 Qd5
8. Neg5 Nh6 9. c4 Qd7 10. d5 f6 11. Ne4 Bxf3 12. Bxf3 Ne5 13. Nc5 Qf5 14. Be4
Qg4 15. Qb3 b6 16. h3 Qh5 17. Ne6 Rd6 18. Bf4 Nef7 19. Nd4 Rd8 20. g4 Nxg4 21.
hxg4 Qxg4 22. Bf5+ Qxf5 23. Nxf5 g5 24. Bg3 h5 25. Qa4 Kb8 26. Nd4 1-0

[Event "Veranda inv."]
[Site "Fancy Lake CAN"]
[Date "2014.08.09"]
[Round "3"]
[White "Kenney, David"]
[Black "Naugler, Rex"]
[Result "1-0"]
[WhiteElo "1825"]
[BlackElo "1835"]
[PlyCount "85"]
[EventDate "2014.08.09"]
[EventType "tourn"]
[EventRounds "5"]
[EventCountry "CAN"]

1. d4 Nf6 2. Nf3 g6 3. c4 Bg7 4. Nc3 c5 5. d5 d6 6. e4 Bg4 7. Be2 O-O 8. O-O
Nfd7 9. h3 Bxf3 10. Bxf3 f5 11. exf5 Rxf5 12. Bg4 Rf8 13. Ne4 Nf6 14. Be6+ Kh8
15. Ng5 Qe8 16. Qe2 h6 17. Nf3 Nbd7 18. Bd2 Nh5 19. g3 Nb6 20. Rac1 Kh7 21. b3
a5 22. h4 Nd7 23. Kg2 Ne5 24. Nh2 a4 25. f4 Nf7 26. f5 Ne5 27. g4 Nf6 28. fxg6+
Nxg6 29. Bf5 Kh8 30. Kg3 axb3 31. axb3 Ra2 32. Rc2 Ra3 33. Rf3 Ne5 34. Re3 Ra1
35. Rc1 Ra2 36. Qd1 Nh5+ 37. Kg2 Nf6 38. g5 Nh5 39. Bb1 Qf7 40. Re2 Rxd2 41.
Rxd2 Nf4+ 42. Kh1 Nh3 43. Qc2 1-0

[Event "Veranda inv."]
[Site "Fancy Lake CAN"]
[Date "2014.08.09"]
[Round "4"]
[White "Charlton, Glenn"]
[Black "Giacomin, Gordon"]
[Result "1/2-1/2"]
[WhiteElo "2018"]
[BlackElo "1944"]
[PlyCount "35"]
[EventDate "2014.08.09"]
[EventType "tourn"]
[EventRounds "5"]
[EventCountry "CAN"]

1. d4 d5 2. Bf4 e6 3. e3 Bd6 4. Bg3 Ne7 5. Nf3 Nf5 6. Nbd2 b6 7. c3 Bb7 8. Bd3
Nxg3 9. hxg3 h6 10. Qe2 Nd7 11. e4 dxe4 12. Nxe4 Nf6 13. Nxd6+ Qxd6 14. O-O-O
O-O-O 15. Ne5 Rhf8 16. f3 Nd7 17. Rhe1 Rde8 18. Bh7 1/2-1/2

[Event "Veranda inv."]
[Site "Fancy Lake CAN"]
[Date "2014.08.09"]
[Round "4"]
[White "Kenney, David"]
[Black "Wysocki, Antoni"]
[Result "1/2-1/2"]
[WhiteElo "1825"]
[BlackElo "2194"]
[PlyCount "62"]
[EventDate "2014.08.09"]
[EventType "tourn"]
[EventRounds "5"]
[EventCountry "CAN"]

1. d4 Nf6 2. Nf3 g6 3. c4 Bg7 4. Nc3 O-O 5. e4 d6 6. h3 c5 7. d5 e6 8. Be2 exd5
9. exd5 Na6 10. O-O Bf5 11. a3 Ne4 12. Nxe4 Bxe4 13. Bd3 Re8 14. Rb1 Bxf3 15.
Qxf3 Qf6 16. Qxf6 Bxf6 17. Bd2 Re7 18. b4 b6 19. b5 Nb8 20. Rfe1 Rxe1+ 21. Rxe1
Nd7 22. a4 a5 23. Bf4 Be5 24. Bd2 Kg7 25. f4 Bf6 26. g3 Kf8 27. Kg2 Re8 28.
Rxe8+ Kxe8 29. Kf3 Ke7 30. Bf1 Bd4 31. Bd3 Bg7 1/2-1/2

[Event "Veranda inv."]
[Site "Fancy Lake CAN"]
[Date "2014.08.09"]
[Round "4"]
[White "Naugler, Rex"]
[Black "Pentz, Brian"]
[Result "0-1"]
[WhiteElo "1835"]
[BlackElo "1887"]
[PlyCount "54"]
[EventDate "2014.08.09"]
[EventType "tourn"]
[EventRounds "5"]
[EventCountry "CAN"]

1. d4 f5 2. Nf3 Nf6 3. Bf4 e6 4. e3 c5 5. c3 Nc6 6. Nbd2 cxd4 7. exd4 Be7 8.
Bc4 d5 9. Bb5 O-O 10. h3 Bd7 11. O-O Rc8 12. Qe2 Ne4 13. Nb3 Qe8 14. Bd3 g5 15.
Bh2 Qg6 16. Nfd2 Nf6 17. Nc5 Nd8 18. Nxd7 Nxd7 19. Bb5 Nc6 20. Rfe1 Rf6 21. Nf3
g4 22. hxg4 fxg4 23. Ne5 Ndxe5 24. Bxe5 Nxe5 25. Qxe5 Rd8 26. Re3 Bd6 27. Bd3
Qh6 0-1

[Event "Veranda inv."]
[Site "Fancy Lake CAN"]
[Date "2014.08.10"]
[Round "5"]
[White "Giacomin, Gordon"]
[Black "Kenney, David"]
[Result "1-0"]
[WhiteElo "1944"]
[BlackElo "1825"]
[PlyCount "68"]
[EventDate "2014.08.09"]
[EventType "tourn"]
[EventRounds "5"]
[EventCountry "CAN"]

1. e4 e5 2. Nf3 Nc6 3. Bc4 Bc5 4. c3 Nf6 5. d3 d6 6. Nbd2 h6 7. b4 Bb6 8. a4 a6
9. Nf1 O-O 10. Ng3 Re8 11. O-O Be6 12. Bxe6 Rxe6 13. Be3 Bxe3 14. fxe3 Re8 15.
Ra2 d5 16. exd5 Qxd5 17. Rd2 Rad8 18. e4 Qe6 19. Nf5 Ne7 20. N3h4 Kh7 21. Qf3
Ng6 22. g3 Nxh4 23. gxh4 Rg8 24. Kh1 Rd7 25. Rg2 Ne8 26. Rfg1 g6 27. Qe3 gxf5
28. Rxg8 f4 29. Qc5 Re7 30. Qf2 Qf6 31. Qg2 f3 32. Qg3 f2 33. Rf1 Qf4 34. Rxf2
Qxg3 1-0

[Event "Veranda inv."]
[Site "Fancy Lake CAN"]
[Date "2014.08.10"]
[Round "5"]
[White "Pentz, Brian"]
[Black "Charlton, Glenn"]
[Result "0-1"]
[WhiteElo "1887"]
[BlackElo "2018"]
[PlyCount "136"]
[EventDate "2014.08.09"]
[EventType "tourn"]
[EventRounds "5"]
[EventCountry "CAN"]

1. Nf3 Nf6 2. c4 g6 3. g3 Bg7 4. Bg2 O-O 5. O-O d6 6. Nc3 a6 7. d3 e5 8. Bd2 h6
9. Rb1 c6 10. b4 Be6 11. e3 Nbd7 12. Qe2 d5 13. c5 e4 14. dxe4 dxe4 15. Nd4 Bg4
16. f3 exf3 17. Bxf3 h5 18. Bxg4 hxg4 19. Rbd1 Qe7 20. Qg2 Ne5 21. Bc1 a5 22.
a3 axb4 23. axb4 Rfd8 24. Kh1 Nd5 25. Nxd5 Rxd5 26. Nxc6 bxc6 27. Rxd5 cxd5 28.
Qxd5 Rd8 29. Qg2 Nf3 30. h3 f5 31. hxg4 fxg4 32. Qa2+ Kh7 33. Kg2 Be5 34. Qc4
Kg7 35. Qxg4 Nd2 36. Bxd2 Rxd2+ 37. Rf2 Qb7+ 38. Qf3 Rxf2+ 39. Kxf2 Qxb4 40.
Qd5 Qb8 41. Qd7+ Kf6 42. Qg4 Qb2+ 43. Kf3 Qb7+ 44. Kf2 Qb2+ 45. Kf3 Qb5 46.
Qh4+ Kf7 47. Qh7+ Bg7 48. Qh3 Qxc5 49. Qd7+ Qe7 50. Qd5+ Qe6 51. Qb7+ Kg8 52.
Qa8+ Kh7 53. Kf2 Be5 54. Qh1+ Kg7 55. Qg1 Qf5+ 56. Ke2 Qc2+ 57. Kf3 Qc6+ 58.
Ke2 Qe4 59. Kf2 Kf6 60. Ke2 Qg4+ 61. Kf2 Qh3 62. Kf3 g5 63. Qf2 Qf5+ 64. Kg2
Qxf2+ 65. Kxf2 Kf5 66. Kf3 g4+ 67. Kg2 Ke4 68. Kf2 Bc7 0-1

[Event "Veranda inv."]
[Site "Fancy Lake CAN"]
[Date "2014.08.10"]
[Round "5"]
[White "Wysocki, Antoni"]
[Black "Naugler, Rex"]
[Result "1-0"]
[WhiteElo "2194"]
[BlackElo "1835"]
[PlyCount "61"]
[EventDate "2014.08.09"]
[EventType "tourn"]
[EventRounds "5"]
[EventCountry "CAN"]

1. c4 e5 2. g3 Nf6 3. Bg2 Nc6 4. Nc3 Bb4 5. Nd5 Nxd5 6. cxd5 Ne7 7. Nf3 Bd6 8.
O-O O-O 9. d4 e4 10. Ne5 f5 11. Nc4 Rf6 12. f3 exf3 13. Bxf3 Rb8 14. Nxd6 cxd6
15. Qc2 b5 16. Bg5 Rf7 17. Rac1 h6 18. Bf4 Rf6 19. Qc7 Qxc7 20. Rxc7 Rb7 21.
Rfc1 Rxc7 22. Rxc7 a6 23. h4 Kf7 24. Bd2 Ke8 25. Bh5+ Kf8 26. g4 fxg4 27. e4
Rf3 28. e5 Rd3 29. Bb4 Rxd4 30. Bxd6 Rxd5 31. Rxc8# 1-0

[Event "Winnipeg op"]
[Site "Winnipeg CAN"]
[Date "2014.06.03"]
[Round "1.8"]
[White "Andraschko, Felix"]
[Black "Le Dorze, Phil"]
[Result "1-0"]
[WhiteElo "2181"]
[BlackElo "1810"]
[PlyCount "63"]
[EventDate "2014.06.03"]
[EventType "swiss"]
[EventRounds "5"]
[EventCountry "CAN"]

1. Nf3 b6 2. c4 Bb7 3. Nc3 Nf6 4. g3 e6 5. Bg2 d5 6. cxd5 Nxd5 7. O-O Be7 8.
Qc2 O-O 9. a3 c5 10. Rd1 Nc6 11. e4 Nxc3 12. bxc3 e5 13. d3 Qd6 14. Be3 Rac8
15. Qa2 Bf6 16. Rab1 Ba6 17. Bf1 Qe7 18. h4 Rcd8 19. Nh2 Bc8 20. Be2 Rd6 21. h5
Bg5 22. Qd2 Bxe3 23. Qxe3 Rfd8 24. Nf3 Bg4 25. Ne1 Bxe2 26. Qxe2 Qg5 27. Ng2
Ne7 28. Ne3 f5 29. exf5 Nxf5 30. Nc4 Rh6 31. Nxe5 Nxg3 32. Qa2+ 1-0

[Event "Winnipeg op"]
[Site "Winnipeg CAN"]
[Date "2014.06.03"]
[Round "1.8"]
[White "Atem, James"]
[Black "Lipnowski, Samuel"]
[Result "0-1"]
[WhiteElo "1902"]
[BlackElo "2217"]
[PlyCount "122"]
[EventDate "2014.06.03"]
[EventType "swiss"]
[EventRounds "5"]
[EventCountry "CAN"]

1. e4 e5 2. Bc4 Nf6 3. d3 Be7 4. a3 O-O 5. Nf3 Nc6 6. Nc3 d6 7. Bg5 Bg4 8. Qd2
Bxf3 9. gxf3 Nd4 10. Qd1 Qd7 11. Be3 Qh3 12. Bxd4 exd4 13. Nb5 Qg2 14. Ke2 Nh5
15. Nxd4 Bg5 16. Qg1 Nf4+ 17. Kd1 Bf6 18. Qxg2 Nxg2 19. c3 c6 20. Nf5 d5 21.
exd5 cxd5 22. Bxd5 Rad8 23. Be4 g6 24. Nh6+ Kg7 25. Ng4 Bh4 26. Ne3 Nf4 27. Kc2
Rd7 28. d4 f5 29. Bd3 Bxf2 30. Nc4 Rc7 31. Raf1 Bh4 32. Rd1 Rd8 33. Kb3 Re7 34.
Kc2 Rc7 35. Bf1 Bf2 36. Kb3 Re7 37. a4 Kf6 38. h4 h5 39. Ne5 Ne6 40. Bc4 Nf8
41. f4 Bg3 42. Rdf1 Nd7 43. Rf3 Bxf4 44. Nxd7+ Rdxd7 45. Rxf4 g5 46. hxg5+ Kxg5
47. Rhf1 h4 48. Rxf5+ Kg4 49. Rf8 h3 50. Rg1+ Kh4 51. Rh8+ Rh7 52. Rxh7+ Rxh7
53. Bd5 h2 54. Re1 Kg3 55. Kc2 b6 56. Kd1 Rd7 57. Bh1 Rf7 58. d5 Rf6 59. c4 Rf4
60. b3 Kf2 61. Be4 Rxe4 0-1

[Event "Winnipeg op"]
[Site "Winnipeg CAN"]
[Date "2014.06.03"]
[Round "1.8"]
[White "Clark, Jeff"]
[Black "Leaden, Bruce"]
[Result "1-0"]
[WhiteElo "1988"]
[BlackElo "1573"]
[Annotator "Leaden, Bruce"]
[PlyCount "57"]
[EventDate "2014.06.03"]
[EventType "swiss"]
[EventRounds "5"]
[EventCountry "CAN"]

1. d4 e6 2. c4 b6 3. Nc3 Bb7 4. e4 Bb4 5. Bd3 Nc6 6. Nf3 Nge7 7. a3 Bxc3+ 8.
bxc3 O-O 9. O-O Na5 10. Rb1 Rb8 11. e5 h6 12. Nh4 f5 13. exf6 Rxf6 14. Qg4 Qe8
15. Rb5 c5 16. Bf4 Rxf4 17. Qxf4 Bc6 18. Rbb1 Qf8 19. Qxf8+ Rxf8 20. dxc5 bxc5
21. f4 Nf5 22. Nxf5 exf5 23. Rfe1 Nb7 24. Re5 Nd6 25. Rxc5 Be4 26. Bxe4 Nxe4
27. Rc7 Nxc3 28. Rbb7 Re8 29. Rxd7 1-0

[Event "Winnipeg op"]
[Site "Winnipeg CAN"]
[Date "2014.06.03"]
[Round "1.8"]
[White "Jenkins, Mark"]
[Black "Rutter, Blair"]
[Result "0-1"]
[WhiteElo "1485"]
[BlackElo "1945"]
[PlyCount "74"]
[EventDate "2014.06.03"]
[EventType "swiss"]
[EventRounds "5"]
[EventCountry "CAN"]

1. d4 d5 2. c4 e6 3. Nf3 Nf6 4. Bg5 Be7 5. Nc3 c6 6. e3 Nbd7 7. Bd3 Bb4 8. Qc2
Qa5 9. c5 Ne4 10. Bxe4 dxe4 11. Nd2 f5 12. Qb3 Nf6 13. Nc4 Bxc3+ 14. Qxc3 Qxc3+
15. bxc3 Nd5 16. Nd6+ Kd7 17. Kd2 b5 18. a3 Rf8 19. Rhg1 h6 20. Bh4 g5 21. Bg3
f4 22. exf4 gxf4 23. Raf1 fxg3 24. fxg3 Nf6 25. Rf4 Ba6 26. Rgf1 Ke7 27. Ke2
b4+ 28. Ke3 Bxf1 29. Rxf1 Nd5+ 30. Ke2 Rxf1 31. Kxf1 bxa3 32. h4 a2 33. g4
a1=Q+ 34. Kf2 Rf8+ 35. Kg3 Qxc3+ 36. Kh2 Qe1 37. g5 Rf1 0-1

[Event "Winnipeg op"]
[Site "Winnipeg CAN"]
[Date "2014.06.03"]
[Round "1.8"]
[White "Kernetsky, Myron"]
[Black "Reimer, Bruce"]
[Result "1-0"]
[WhiteElo "2015"]
[BlackElo "1653"]
[PlyCount "61"]
[EventDate "2014.06.03"]
[EventType "swiss"]
[EventRounds "5"]
[EventCountry "CAN"]

1. d4 g6 2. c4 Bg7 3. Nc3 d6 4. e4 e5 5. d5 Nf6 6. h3 Na6 7. Bd3 Nc5 8. Bc2 a5
9. Nf3 b6 10. Be3 Ba6 11. b3 Qd7 12. Rb1 b5 13. cxb5 Bxb5 14. a3 Na6 15. a4 c6
16. axb5 cxb5 17. Bd3 b4 18. Bb5 bxc3 19. Bxd7+ Kxd7 20. Qd3 Rhc8 21. O-O c2
22. Ra1 Nb4 23. Qb5+ Ke7 24. Qb7+ Ke8 25. Ng5 Nd7 26. Rxa5 Rab8 27. Qa7 f6 28.
Ne6 Bh8 29. Raa1 f5 30. f3 Nd3 31. Qa6 1-0

[Event "Winnipeg op"]
[Site "Winnipeg CAN"]
[Date "2014.06.03"]
[Round "1.8"]
[White "Korenbaum, Max"]
[Black "Baron, Gustav"]
[Result "0-1"]
[WhiteElo "1333"]
[BlackElo "1904"]
[PlyCount "118"]
[EventDate "2014.06.03"]
[EventType "swiss"]
[EventRounds "5"]
[EventCountry "CAN"]

1. e4 e5 2. Nf3 Nc6 3. Bc4 Bc5 4. d3 Nf6 5. Bg5 Qe7 6. Nc3 h6 7. Bh4 g5 8. Bg3
d6 9. h3 Be6 10. Bxe6 fxe6 11. Na4 Bb6 12. Nxb6 axb6 13. c4 Kd7 14. O-O Rag8
15. Nh2 h5 16. f3 Kc8 17. h4 g4 18. f4 exf4 19. Rxf4 e5 20. Rf5 Nd4 21. Rf2 Nd7
22. Qd2 Rf8 23. Rxf8+ Rxf8 24. Rf1 Rxf1+ 25. Kxf1 Qf6+ 26. Kg1 Nf8 27. Qf2
Qxf2+ 28. Kxf2 Kd7 29. Ke3 Ke6 30. Be1 Ng6 31. g3 Ne7 32. Bc3 Nec6 33. Bxd4
Nxd4 34. b3 c6 35. Nf1 Nc2+ 36. Kd2 Nb4 37. a3 Na6 38. Kc3 d5 39. exd5+ cxd5
40. Nd2 Nc5 41. d4 Nd7 42. b4 b5 43. cxd5+ Kxd5 44. dxe5 Nxe5 45. Nb1 Ke4 46.
Nd2+ Ke3 47. Kc2 Kf2 48. Ne4+ Kf3 49. Nd6 Kxg3 50. Nxb5 Kxh4 51. a4 g3 52. Nd4
g2 53. Nf5+ Kg4 54. Nd6 g1=Q 55. Ne4 Kh3 56. Nd2 h4 57. Kc3 Qe3+ 58. Kc2 Qd3+
59. Kd1 Nf3 0-1

[Event "Winnipeg op"]
[Site "Winnipeg CAN"]
[Date "2014.06.03"]
[Round "1.8"]
[White "Ma, Derek"]
[Black "Babb, Jeff"]
[Result "1/2-1/2"]
[WhiteElo "1785"]
[BlackElo "2126"]
[PlyCount "60"]
[EventDate "2014.06.03"]
[EventType "swiss"]
[EventRounds "5"]
[EventCountry "CAN"]

1. e4 d5 2. exd5 Qxd5 3. Nc3 Qd6 4. d3 Nf6 5. Be2 c6 6. Nf3 g6 7. Bg5 h6 8.
Bxf6 Qxf6 9. Qd2 h5 10. O-O Bh6 11. Qd1 O-O 12. d4 Bf5 13. Bd3 Nd7 14. Re1 Rfe8
15. Bxf5 Qxf5 16. Qe2 Rad8 17. Rad1 Nb6 18. Ne4 Nd5 19. Ng3 Qc8 20. Ne5 Nf4 21.
Qf3 f6 22. Nxg6 Nxg6 23. Qxh5 Kf7 24. Qxh6 Rh8 25. Qe3 Rh4 26. Qb3+ Kf8 27. Qd3
Rhxd4 28. Qxg6 Rxd1 29. Qh6+ Kg8 30. Qg6+ Kf8 1/2-1/2

[Event "Winnipeg op"]
[Site "Winnipeg CAN"]
[Date "2014.06.03"]
[Round "1.8"]
[White "Magyar, Peter"]
[Black "Schulz, Waldemar"]
[Result "1-0"]
[WhiteElo "1578"]
[BlackElo "2010"]
[PlyCount "40"]
[EventDate "2014.06.03"]
[EventType "swiss"]
[EventRounds "5"]
[EventCountry "CAN"]

1. d4 Nf6 2. e3 d5 3. Nf3 g6 4. c4 Bg7 5. Bd3 O-O 6. O-O Nbd7 7. Nbd2 c5 8. h3
a6 9. a4 Qc7 10. b3 e5 11. cxd5 exd4 12. e4 Rb8 13. Nc4 Re8 14. Re1 Nh5 15. Bd2
b5 16. axb5 axb5 17. Na5 Nf4 18. Qc2 Nxd3 19. Qxd3 Ba6 20. Rec1 b4 1-0

[Event "Winnipeg op"]
[Site "Winnipeg CAN"]
[Date "2014.06.03"]
[Round "1.8"]
[White "Remillard, John"]
[Black "Boron, Anthony"]
[Result "0-1"]
[WhiteElo "1700"]
[BlackElo "2023"]
[PlyCount "84"]
[EventDate "2014.06.03"]
[EventType "swiss"]
[EventRounds "5"]
[EventCountry "CAN"]

1. Nf3 c5 2. c4 Nc6 3. g3 g6 4. Bg2 Bg7 5. O-O d6 6. e3 Bg4 7. a3 Qd7 8. Qc2
Nf6 9. Nc3 O-O 10. Ne1 Bh3 11. Nd5 Bxg2 12. Nxf6+ Bxf6 13. Nxg2 a6 14. Nf4 e6
15. Rb1 Ne7 16. b4 Rfc8 17. Bb2 e5 18. Qc3 b5 19. Nd5 Nxd5 20. cxd5 Bg7 21.
Rfc1 Qf5 22. bxc5 Rxc5 23. Qb3 Rac8 24. a4 Qe4 25. axb5 axb5 26. Ba3 b4 27.
Rxc5 dxc5 28. d3 Qf3 29. Bb2 Rd8 30. e4 h5 31. Ra1 h4 32. gxh4 Qg4+ 33. Kh1
Qxh4 34. Qc2 Rc8 35. Ra5 Qh3 36. Qe2 Qh4 37. Bc1 Bh6 38. Bb2 Bf4 39. f3 Kg7 40.
d6 Rh8 41. Kg1 Qh3 42. Rxc5 Bxh2+ 0-1

[Event "Winnipeg op"]
[Site "Winnipeg CAN"]
[Date "2014.06.03"]
[Round "1.8"]
[White "Wasserman, Leor"]
[Black "Czarny, Keith"]
[Result "1-0"]
[WhiteElo "2084"]
[BlackElo "1727"]
[PlyCount "55"]
[EventDate "2014.06.03"]
[EventType "swiss"]
[EventRounds "5"]
[EventCountry "CAN"]

1. e4 c6 2. d4 d5 3. exd5 cxd5 4. c4 Nf6 5. Nc3 g6 6. Nf3 Bg7 7. Bd3 O-O 8. O-O
Nc6 9. Bg5 dxc4 10. Bxc4 Bg4 11. Be3 e5 12. dxe5 Qxd1 13. Raxd1 Ne8 14. Bc5
Bxf3 15. gxf3 Nxe5 16. Bd5 Nc7 17. Bxf8 Kxf8 18. f4 Nxd5 19. Rxd5 Nc4 20. b3
Nb6 21. Rc5 Rd8 22. Ne4 f5 23. Ng5 Rd2 24. Rc7 Bb2 25. Re1 Nd7 26. Rc8+ Kg7 27.
Re7+ Kf6 28. Rf7# 1-0

[Event "Winnipeg op"]
[Site "Winnipeg CAN"]
[Date "2014.06.03"]
[Round "1.8"]
[White "Wolchock, Theo"]
[Black "Roy, Rayan"]
[Result "1-0"]
[WhiteElo "1939"]
[BlackElo "1463"]
[PlyCount "47"]
[EventDate "2014.06.03"]
[EventType "swiss"]
[EventRounds "5"]
[EventCountry "CAN"]

1. c4 c5 2. g3 e6 3. Bg2 Nf6 4. Nc3 Be7 5. Nf3 O-O 6. O-O d5 7. cxd5 exd5 8. d4
Nc6 9. e3 Re8 10. dxc5 Bxc5 11. Nd4 Rb8 12. Nb3 Bf8 13. Nxd5 Nxd5 14. Bxd5 Qc7
15. Qc2 a6 16. Bd2 Bd6 17. Rfd1 Bd7 18. Rac1 Rbc8 19. Qd3 Qb6 20. Bxf7+ Kxf7
21. Qxd6 Red8 22. Ba5 Nxa5 23. Qxb6 Rxc1 24. Nxc1 1-0

[Event "Winnipeg op"]
[Site "Winnipeg CAN"]
[Date "2014.06.10"]
[Round "2.8"]
[White "Babb, Jeff"]
[Black "Campbell, Jamie"]
[Result "1-0"]
[WhiteElo "2126"]
[BlackElo "1806"]
[PlyCount "41"]
[EventDate "2014.06.03"]
[EventType "swiss"]
[EventRounds "5"]
[EventCountry "CAN"]

1. f4 e5 2. fxe5 d6 3. exd6 Bxd6 4. Nf3 Nf6 5. Nc3 Nc6 6. d3 Ng4 7. Ne4 O-O 8.
g3 Bf5 9. Nxd6 Qxd6 10. Bg2 Rfe8 11. Bf4 Nce5 12. Nxe5 Qd4 13. Nxg4 Bxg4 14. c3
Qb6 15. Be4 Qxb2 16. Rc1 f5 17. Rc2 Qb5 18. c4 Qd7 19. Bd5+ Kh8 20. O-O c6 21.
Bf3 1-0

[Event "Winnipeg op"]
[Site "Winnipeg CAN"]
[Date "2014.06.10"]
[Round "2.8"]
[White "Baron, Gustav"]
[Black "Kernetsky, Myron"]
[Result "1-0"]
[WhiteElo "1904"]
[BlackElo "2015"]
[PlyCount "43"]
[EventDate "2014.06.03"]
[EventType "swiss"]
[EventRounds "5"]
[EventCountry "CAN"]

1. d4 Nf6 2. c4 e6 3. g3 d5 4. Bg2 Be7 5. Nf3 O-O 6. O-O dxc4 7. Nbd2 c5 8.
Nxc4 Nc6 9. dxc5 Bxc5 10. b3 Bd7 11. Bb2 Qe7 12. a3 a5 13. Qc1 Rfc8 14. Qg5 Ne8
15. Qxe7 Nxe7 16. Bc3 a4 17. Nfe5 Bc6 18. Nxc6 Nxc6 19. b4 Ba7 20. Rac1 Rab8
21. Rfd1 Ne7 22. Be5 1-0

[Event "Winnipeg op"]
[Site "Winnipeg CAN"]
[Date "2014.06.10"]
[Round "2.8"]
[White "Boron, Anthony"]
[Black "Magyar, Peter"]
[Result "1-0"]
[WhiteElo "2023"]
[BlackElo "1578"]
[PlyCount "63"]
[EventDate "2014.06.03"]
[EventType "swiss"]
[EventRounds "5"]
[EventCountry "CAN"]

1. d4 e6 2. Nf3 Nf6 3. e3 d5 4. b3 a6 5. Bd3 Bd6 6. O-O O-O 7. Nbd2 Nc6 8. c4
Nb4 9. Bb1 c5 10. a3 Nc6 11. dxc5 Bxc5 12. b4 Ba7 13. Qc2 Re8 14. Bb2 e5 15. b5
Ne7 16. Bxe5 Bf5 17. Qb2 Bg6 18. Bxf6 gxf6 19. Qxf6 Bc5 20. Nb3 Qc7 21. Nxc5
Qxc5 22. Ne5 Rf8 23. Nd7 Qxc4 24. Qxe7 Rfc8 25. Bxg6 hxg6 26. Nb6 Rc7 27. Qf6
Qxb5 28. Nxa8 Rc8 29. Nb6 Rc6 30. Qd8+ Kg7 31. Nd7 Rd6 32. Qf8+ 1-0